Dumb Ways to Die Lyrics - Statistics

General Stats
  • This quiz has been taken 42 times
  • The average score is 197 of 265
Answer Stats
Answer % Correct
a
100%
A
100%
die
100%
die-ie-ie-ie
100%
Dumb
100%
dumb
100%
to
100%
ways
100%
many
97%
So
97%
your
90%
Be
87%
Eat
87%
out
84%
old
81%
pie
81%
two
81%
week
81%
as
77%
at
77%
bear
77%
fire
77%
grizzly
77%
hair
77%
Set
77%
"I
74%
of
74%
Poke
74%
the
74%
The
74%
bait
71%
date
71%
Do
71%
do?"
71%
for
71%
piranha
71%
stick
71%
that's
71%
unrefrigerated
71%
Use
71%
Get
68%
in
68%
medicine
68%
fork
65%
parts
65%
private
65%
toast
65%
with
65%
electrical
61%
on
61%
own
61%
up
61%
work
61%
yourself
61%
but
58%
button
58%
fly
58%
how
58%
no
58%
Teach
58%
Dress
55%
red
55%
train
55%
moose
52%
off
52%
this
52%
wonder
52%
helmet
48%
hunting
48%
like
48%
outer
48%
season
48%
space
48%
Take
48%
both
45%
during
45%
internet
45%
kidneys
45%
psycho
45%
Sell
45%
what's
45%
killer
42%
station
42%
across
39%
crossing
39%
glue
39%
good
39%
hiding
39%
Invite
39%
Keep
39%
nest
39%
pet
39%
platform
39%
reason
39%
ride
39%
super
39%
tracks
39%
tube
39%
around
35%
Disturb
35%
dryer
35%
inside
35%
level
35%
may
35%
new
35%
place
35%
Run
35%
wasps
35%
brand
32%
Drive
32%
dumbest
32%
edge
32%
from
32%
not
32%
Stand
32%
trains
32%
dealer's
29%
drug
29%
message
29%
rattlesnake
29%
safe
29%
Scratch
29%
They
29%
clothes
26%
quite
26%
possibly
23%
rhyme
23%
they're
23%
metro
19%
between
16%
platforms
16%
gates
13%
boom
10%
No matching quizzes found
Score Distribution
Percent of People with Each Score
Percentile by Number Answered
Your Score History
You have not taken this quiz